=LDR 00000nam 2200000 4500 =001 $a INLIS000000000008544 =005 $a 20260629133930 =008 $a 260629###########################0#ind## =022 ##$$a 978-979-450-5511-9 =035 ##$$a 0010-0626000171 =082 ##$$a 658.04 =084 ##$$a 658.04 MAN p =100 #$$a Manahan P. Tampubolong =245 ##$$a Perilaku Keorganisasian (Organization Behavior) $b Perspektif Organisasi Bisnis $c Manahan P. Tampubolong (Penulis) =246 ##$$a =260 ##$$a Bogor $b Ghalia Indonesia $c 2012 =300 ##$$a 280 hlm $b Ilus $c 21 cm $d =336 ##$$a =337 ##$$a =338 ##$$a =520 #$$a Buku ini membahas tentang organisasi dan perilaku sumber daya yang ada dan mesti ada dalam organisasi, terutama dalam perspektif organisasi bisnis =650 #$$a Perilaku Organisasi =700 #$$a =740 ##$$a =856 ##$$a - =Wor $a 1